[Event "7th Altibox Norway Chess Armageddon 2019"]
[Site "Stavanger"]
[Date "2019.06.04"]
[Round "1.1"]
[White "Carlsen, Magnus"]
[Black "Anand, Viswanathan"]
[Result "1-0"]
[WhiteElo "2875"]
[BlackElo "2767"]
[Annotator "TA"]
[PlyCount "85"]
[EventDate "2019.06.04"]
[EventType "tourn"]
[EventCountry "NOR"]
[SourceTitle "playchess.com"]
[Source "ChessBase"]
[SourceQuality "1"]

{[%evp 9,85,14,16,17,17,23,19,22,20,20,30,8,16,17,6,-16,66,66,136,110,84,86,112,92,119,110,114,127,122,114,106,89,93,63,61,54,54,57,57,43,43,43,43,43,43,43,68,72,70,55,332,313,291,277,319,317,412,412,404,412,401,412,388,379,966,948,652,636,29979,29980,29980,29981,29981,29982,29997,29998,29998,2351]} 1. c4 e5 2. Nc3 Bb4 3. Nd5 Be7 4. d4 exd4 5. Qxd4 Nf6 6. Nxe7 {A21: English Opening: 1...e5 2 Nc3} Qxe7 7. Bg5 Nc6 8. Qc3 {The position is equal.} Ne5 9. Nf3 $146 ({Predecessor:} 9. g3 d6 10. Bg2 h6 11. Bxf6 Qxf6 12. Nh3 Bxh3 13. Bxh3 {1-0 (65) Dubov,D (2703)-Erdos,V (2612) Skopje 2019}) 9... d6 10. e3 h6 11. Bh4 g5 12. Nxe5 {[#] Bg3 is the strong threat.} dxe5 (12... Ne4 $11 13. Ng6 Nxc3 14. Nxe7 Kxe7) 13. Bg3 $14 Nd7 (13... O-O $14) 14. h4 g4 15. c5 h5 16. Rc1 c6 17. Bd3 O-O 18. O-O Re8 19. Rfd1 Nf6 20. Bb1 Nd5 21. Qc2 {Qh7+ would kill now.} (21. Qb3 {is interesting.} a5 22. Qa4 e4 23. Bd6 Qe6 24. a3) 21... e4 $1 22. Rd4 f5 $1 23. a3 Be6 24. Rcd1 Rad8 25. Ba2 Rd7 26. b4 a6 27. a4 Red8 28. b5 axb5 29. axb5 Nf6 $2 {[%mdl 8192]} ({Better is} 29... Ra8 $14) 30. Rd6 Bxa2 31. Qxa2+ (31. bxc6 Rxd6 32. Qxa2+ (32. cxd6 Qe6 $16) (32. Bxd6 Qf7 $14) 32... Rd5 $18) 31... Qf7 32. Qa5 Rxd6 33. cxd6 ({Less strong is} 33. Rxd6 Rxd6 34. cxd6 cxb5 $18) 33... Qd7 34. bxc6 bxc6 35. Rb1 {Hoping for Rb7!} Rf8 36. Qc7 Rf7 $2 (36... Rc8 37. Qa5 Rf8) 37. Rb8+ $18 Kh7 38. Be5 Nd5 39. Rh8+ {White mates.} Kg6 40. Qb8 Nf6 41. Bxf6 {[%mdl 64] [#] Overworked Piece} Kxf6 42. Rh6+ Ke5 43. Qh8+ {Accuracy: White = 74%, Black = 45%.} (43. Qb2+ $142 Kd5 44. Qd4#) 1-0

[Event "7th Altibox Norway Chess Armageddon 2019"]
[Site "Stavanger"]
[Date "2019.06.04"]
[Round "1.2"]
[White "Mamedyarov, Shakhriyar"]
[Black "Caruana, Fabiano"]
[Result "1-0"]
[WhiteElo "2774"]
[BlackElo "2819"]
[Annotator "TA"]
[PlyCount "141"]
[EventDate "2019.06.04"]
[EventType "tourn"]
[EventCountry "NOR"]
[SourceTitle "playchess.com"]
[Source "ChessBase"]
[SourceQuality "1"]

{[%evp 9,141,13,22,-10,20,2,20,16,31,34,37,37,47,31,71,20,20,19,83,32,105,40,58,18,70,54,105,95,133,126,184,181,182,179,193,194,197,183,172,129,136,135,184,181,196,181,169,131,299,273,626,625,827,817,970,191,353,-13,236,248,229,229,227,238,257,265,251,245,247,232,359,218,180,-31,47,0,0,0,0,-4,305,312,312,302,306,304,297,291,639,405,616,400,521,547,589,581,711,715,759,720,861,865,920,871,884,908,1220,1158,1195,1235,1966,1834,1923,1872,2615,2503,5181,1677,1917,1529,5918,5263,4100,3739,29977,29978,29978,29979,29979,29980,29980,29981,29980,29981]} 1. d4 Nf6 2. Bg5 e6 3. e4 h6 4. Bxf6 Qxf6 5. c3 d5 6. Qe2 $146 {A45: Trompowsky Attack} ({Predecessor:} 6. Nd2 Qd8 7. Ngf3 Be7 8. Bd3 Nd7 9. Qe2 O-O 10. h4 c5 11. e5 Qb6 12. O-O-O Qa5 13. Kb1 {0-1 (22) Bosiocic,M (2624)-Duda,J (2717) Katowice 2017}) 6... dxe4 7. Qxe4 Bd6 8. Nf3 {The position is equal.} O-O 9. Bd3 {[%csl Gd3][%cal Re4h7]} g6 10. Nbd2 Nd7 11. Nc4 Qe7 12. O-O-O (12. O-O $16) 12... Nf6 $11 13. Qe2 c5 (13... b6 $11) 14. Kb1 (14. Nxd6 $16 Qxd6 15. Qe5 Qxe5 16. dxe5) 14... cxd4 (14... Bf4 $14) 15. Nxd4 (15. Nxd6 $16 Qxd6 16. Bc2 (16. Nxd4 Bd7 $11)) 15... Bc7 16. Rde1 Kg7 (16... Qc5 $11) 17. g3 Rd8 (17... Qc5 $14) 18. f4 $16 Qc5 19. Ne5 Bxe5 (19... a5 $16) 20. fxe5 $18 (20. Qxe5 $6 b6 $11) 20... Nd5 {Black wants to play ...Nxc3+.} 21. Qf2 Qe7 22. h4 Bd7 23. h5 g5 24. Qe2 Rac8 25. Ka1 $40 {[%mdl 128] White goes for the king.} a5 26. Rhf1 a4 27. c4 ({Don't take} 27. Qe4 $6 Rh8 $16) 27... Nb4 28. Bb1 $1 {Black must now prevent Rf6.} a3 $2 (28... Rh8 $16 {keeps fighting.} 29. Rf6 Nc6) 29. bxa3 Na6 $2 (29... Bc6) 30. Rf6 Rh8 31. Ref1 Be8 {[#]} 32. Qf2 $2 (32. Nxe6+ $1 {[%mdl 512]} Kg8 (32... fxe6 33. Qe4) 33. Nxg5 $1 {[%mdl 576] Clearance} hxg5 34. e6) 32... Nc5 $2 (32... Rxc4 33. Nb5 (33. Bd3 Rc7 $14) 33... Rc7 34. Nxc7 Nxc7) 33. Qc2 $2 (33. Nb5 $18) 33... Rd8 $2 (33... Nd7 $1 $11 {and Black has nothing to worry.}) 34. Nb5 Nd7 35. Qc3 {Strongly threatening Nd6.} Qc5 {[#]} 36. Nd6 $1 {[%cal Rd6b7]} Nxf6 37. exf6+ Kf8 38. Nxb7 Qd4 {[%cal Rd4c3]} 39. Rf3 Qxc3+ 40. Rxc3 Rd1 41. a4 $2 ({White should play} 41. Rb3 $18) 41... Bc6 ({Worse is} 41... Bxa4 42. Ra3 $18) ({Black should try} 41... Rf1 $1 $15) 42. Nc5 (42. Rb3 $14) 42... Rf1 $1 $11 {[%cal Rf1f6]} 43. Rb3 {Threatening mate with Rb8+.} Rxf6 {And now ...Ke7 would win.} 44. Rb6 Bxa4 $2 {[%mdl 8192]} (44... Bg2 $11 {and Black is okay.} 45. Nd7+ Kg7 46. Nxf6 Kxf6) 45. Nxa4 $18 Kg7 46. c5 Rf3 47. Rb3 Rf1 48. Kb2 Rd8 $2 (48... Ra8) 49. Bc2 Rf2 (49... Rc8 $142 50. Be4 Rf2+ 51. Ka3 f5) 50. Rc3 Rb8+ 51. Ka3 Rc8 52. c6 Rc7 53. Kb4 f5 54. Kb5 f4 55. gxf4 Rxf4 56. Kb6 Rc8 57. Kb7 Rcf8 58. Nb6 g4 59. c7 R4f7 60. a4 Kf6 61. a5 Rg8 62. a6 g3 63. Be4 (63. Rf3+ $142 Ke7 64. c8=Q Rxc8 65. Nxc8+ Ke8+ 66. Rxf7 Kxf7 67. Be4) 63... Ke5 64. Bg2 Kd4 65. Rc2 Kd3 66. Rc6 Rf2 67. c8=Q {White mates.} Rxc8 68. Rxc8 Rxg2 69. a7 Ra2 70. Rg8 g2 71. a8=Q {Accuracy: White = 60%, Black = 25%.} 1-0

[Event "7th Altibox Norway Chess Armageddon 2019"]
[Site "Stavanger"]
[Date "2019.06.04"]
[Round "1.4"]
[White "Vachier-Lagrave, Maxime"]
[Black "Yu, Yangyi"]
[Result "0-1"]
[WhiteElo "2779"]
[BlackElo "2738"]
[Annotator "TA"]
[PlyCount "78"]
[EventDate "2019.06.04"]
[EventType "tourn"]
[EventCountry "NOR"]
[SourceTitle "playchess.com"]
[Source "ChessBase"]
[SourceQuality "1"]

{[%evp 13,78,29,43,5,22,0,0,0,33,35,22,28,29,20,39,36,35,24,31,18,47,36,50,53,35,26,26,18,36,28,31,0,0,0,0,0,0,-14,0,-37,-29,-145,-143,-145,-145,-240,-69,-70,-75,-66,-64,-241,-249,-326,-341,-330,-339,-316,-264,-615,-626,-620,-587,-810,-777,-923,-856]} 1. c4 Nf6 2. Nc3 e5 3. Nf3 Nc6 4. e3 g6 5. d4 d6 6. Be2 Bg7 7. O-O O-O 8. b3 {A25: English Opening vs King's Indian with ...Nc6 but without early d3} (8. d5 Ne7 9. b4 a5 10. bxa5 Rxa5 11. Nd2 Nd7 12. Nb3 Ra8 13. a4 f5 14. Ba3 e4 15. Qc2 b6 {1-0 (23) Kuzubov,Y (2638)-Onischuk,V (2614) Lvov 2016}) 8... Bf5 9. Bb2 exd4 10. exd4 {The position is equal.} Ne4 11. Nd5 Re8 12. Re1 a5 13. a3 Ne7 $146 {With the idea ...Nxd5.} ({Predecessor:} 13... Nc5) 14. Ne3 Bd7 15. Bd3 Nf6 16. Qd2 Ng4 17. d5 Nxe3 18. Bxg7 Kxg7 19. Rxe3 Ng8 20. Rxe8 Bxe8 21. Re1 Bd7 22. h3 Qf6 23. Kh2 b6 24. Re4 Re8 25. Rf4 Qa1 26. g4 h6 27. g5 (27. Bc2 $11) 27... hxg5 $17 28. Nxg5 Nf6 29. Kg2 {[#]} (29. Nf3 $17) 29... Qe1 $2 (29... Re1 $1 $19 {[%cal Re1g1]} 30. Nf3 Rh1) 30. Qb2 $15 Qe5 31. Qxe5 dxe5 32. Rh4 $2 (32. Rf3 $1 $15) 32... Nh5 $19 33. Be2 f6 34. Ne4 Nf4+ {[%mdl 64] [#] Double Attack} 35. Kf3 g5 ({Weaker is} 35... Nxh3 36. Kg3 $17) 36. Rh7+ $2 (36. Rg4) 36... Kxh7 {Black is clearly winning.} 37. Nxf6+ Kg7 38. Nxd7 Nxe2 39. Kxe2 Rd8 {Accuracy: White = 37%, Black = 77%.} 0-1

[Event "7th Altibox Norway Chess Armageddon 2019"]
[Site "Stavanger"]
[Date "2019.06.04"]
[Round "1.5"]
[White "Ding, Liren"]
[Black "So, Wesley"]
[Result "1-0"]
[WhiteElo "2805"]
[BlackElo "2754"]
[Annotator "TA"]
[PlyCount "69"]
[EventDate "2019.06.04"]
[EventType "tourn"]
[EventCountry "NOR"]
[SourceTitle "playchess.com"]
[Source "ChessBase"]
[SourceQuality "1"]

{[%evp 12,69,20,19,20,0,8,15,36,22,40,13,14,14,19,16,20,14,11,0,0,0,10,-14,7,-10,77,76,79,77,77,85,43,17,20,22,37,61,129,133,139,128,210,181,372,374,247,256,494,492,5293,4894,2380,677,1096,1069,998,582,29996,29997]} 1. c4 e6 2. Nc3 d5 3. d4 Nf6 4. cxd5 Nxd5 5. e4 Nxc3 6. bxc3 c5 7. Rb1 Be7 {D35: Queen's Gambit Declined: Exchange Variation} 8. Nf3 O-O 9. Bc4 a6 {The position is equal.} 10. a4 Qc7 {With the idea ...cxd4.} 11. Be2 (11. Bd3 Nc6 12. O-O cxd4 13. cxd4 Nb4 14. Ba3 Nxd3 15. Qxd3 Bxa3 16. Qxa3 {½-½ (33) Akobian,V (2625)-Dominguez Perez,L (2739) Saint Louis 2019}) 11... b6 12. O-O cxd4 13. cxd4 Bb7 14. Bd3 $36 {[%mdl 2048] White is more active.} Nc6 $146 ({Predecessor:} 14... Nd7 15. Bb2 {1-0 (43) Liu,Z (2098)-Gu,T (2201) Qinhuangdao 2019}) 15. Rb3 Na5 16. Rb2 Nc6 17. Rd2 Rfd8 18. Bb2 Rac8 (18... Nb4 $11 19. Bb1 Rac8) 19. d5 $1 $16 {[%cal Rd5c6]} Nb4 20. Bb1 exd5 {[#]} 21. e5 $1 g6 22. Re1 {[#]} (22. e6 $5 f6 23. Re1 $11) 22... d4 $1 {[%mdl 512]} 23. e6 (23. Bxd4 Bxf3) 23... f6 24. Nxd4 Nc6 {[#]} (24... Qf4 $1 $14) 25. Nf5 $1 {aiming for Rd7.} Rxd2 26. Nxe7+ Qxe7 (26... Nxe7 $16 27. Qxd2 Rd8) 27. Qxd2 $18 Kg7 $2 (27... Rd8 28. Qe3 b5 29. axb5 axb5) 28. Qf4 Rf8 29. h4 Bc8 $2 {[#]} (29... Qb4 {might work better.} 30. Qxb4 Nxb4) 30. h5 $1 {[%mdl 512]} Ne5 (30... Nd8 $142 31. hxg6 Nxe6) (30... gxh5 31. Qe4) 31. Bxe5 fxe5 32. Qxe5+ (32. h6+ $142 Kg8 33. Qxe5 Bxe6 34. Ba2 {[%mdl 64] Pin}) 32... Kh6 33. hxg6 hxg6 34. Qh2+ Kg5 35. Qg3+ {Accuracy: White = 62%, Black = 36%.} 1-0

[Event "7th Altibox Norway Chess Armageddon 2019"]
[Site "Stavanger"]
[Date "2019.06.04"]
[Round "1.5"]
[White "Aronian, Levon"]
[Black "Grischuk, Alexander"]
[Result "1-0"]
[WhiteElo "2752"]
[BlackElo "2775"]
[Annotator "TA"]
[PlyCount "100"]
[EventDate "2019.06.04"]
[EventType "tourn"]
[EventCountry "NOR"]
[SourceTitle "playchess.com"]
[Source "ChessBase"]
[SourceQuality "1"]

{[%evp 9,100,8,19,0,7,0,0,5,6,-21,0,0,-4,-69,-60,-63,-51,-46,-43,-40,-20,-85,-76,-99,-79,-119,-55,-75,-74,-61,-63,-65,-56,-80,-10,-15,0,0,0,-5,66,51,113,27,37,33,47,58,61,63,55,15,47,17,12,27,35,29,52,20,91,97,108,99,104,106,177,118,218,158,158,151,149,90,103,115,87,88,130,66,153,14,43,0,0,0,0,-8,-8,-8,-8,-12,0]} 1. c4 e5 2. g3 Nf6 3. Bg2 d5 4. cxd5 Nxd5 5. Nc3 Nb6 6. d3 {A22: English Opening: 1...e5 2 Nc3 Nf6} (6. Nf3 Nc6 7. O-O Be7 8. d3 O-O 9. a3 Re8 10. Be3 Bf8 11. Rc1 Nd4 12. Ne4 c6 13. b4 Bg4 14. Bxd4 exd4 15. Nc5 Rb8 16. Nb3 Bxf3 17. Bxf3 g6 18. Nc5 Nd5 19. Qb3 {½-½ (35) Laznicka,V (2670)-Vidit,S (2711) Prague 2019}) 6... Bc5 7. Bd2 $146 ({Predecessor:} 7. Nf3 Nc6 8. O-O O-O 9. a3 a5 10. Qc2 f6 11. Na4 Nxa4 12. Qxa4 Be6 13. Qc2 Qd6 14. b3 Bd5 15. Bb2 b6 16. e3 Qe6 17. Nd2 Bxg2 18. Kxg2 {½-½ (83) Oleniak,W (1806)-Maliszewski,J (1773) Police 2016}) 7... O-O 8. Rc1 Re8 $40 {[%mdl 128] White needs to defend precisely.} 9. Nb5 Bd6 (9... Na6 {seems wilder.} 10. Nf3 f6 11. a3 c6 12. Nc3 Be6) 10. h4 Nc6 11. Bxc6 (11. Nxd6 $11 cxd6 12. Nf3) 11... bxc6 $15 12. Nc3 {[%cal Bb5c3,Bc3d1,Bd1e3,Be3c4][%mdl 32]} a5 13. Nf3 a4 14. Qc2 h6 15. Rg1 {[#]} (15. Ne4 $11 {remains equal.}) 15... f5 $1 $17 16. Nd1 c5 17. Ne3 Be6 (17... e4 $17 18. dxe4 fxe4) 18. Bc3 $15 Nd7 19. Nd2 Qe7 20. Ndc4 Qf7 21. f4 {[%cal Rc3e5]} Bxc4 ({Black should play} 21... Kh7 $17) 22. Nxc4 $11 e4 23. Rd1 Ra6 24. Kf2 Bf8 (24... Nb6 $11) 25. e3 $14 Rae6 (25... Nb6 $14 26. Nxb6 (26. Ne5 Qxa2 27. g4 a3 $14) 26... cxb6) 26. Qe2 (26. Qxa4 $16 Nb6 27. Qb5) 26... exd3 27. Qxd3 Re4 28. Qxd7 Qxc4 29. Rge1 $1 a3 30. Rd2 R4e6 31. Qd5 (31. Be5 {is more complex.} Qxa2 32. bxa3 Qxa3 33. Qxc7 R6e7 34. Qc6) 31... Qxd5 32. Rxd5 axb2 33. Bxb2 Ra6 34. a3 c4 (34... Rb8 $11 {keeps the balance.} 35. Re2 g6) 35. Rxf5 $16 Rb8 36. Re2 Rb3 37. Rc2 c3 (37... g6 $16 {was worth a try.} 38. Rd5 Rc6) 38. Bc1 ({Better is} 38. Bxc3 $18 Raxa3 39. Bb2) 38... Rb1 (38... g6 $16 39. Rd5 Rc6) 39. Kf3 Rc6 40. Rd5 Ra1 41. Rd3 (41. Ra5 $142) 41... Bxa3 42. Bxa3 Rxa3 {[%mdl 4096] Endgame KRR-KRR} 43. e4 Kf7 44. e5 (44. Rd7+ $16 Kf8 45. e5) 44... h5 (44... g6 $1 $14) 45. f5 (45. Rd7+ $16 Kf8 46. Ke4) 45... Rc5 46. Ke4 Raa5 {The position is equal.} 47. e6+ Kf6 48. Rd7 {[%csl Ge6][%cal Rd7f7] [#]} Rxf5 {Threatening ...Ra4+.} 49. Rf7+ Kxe6 50. Rxc7 Rfe5+ {[%mdl 32768] Accuracy: White = 43%, Black = 34%. . Loss on time!?} 1-0

[Event "7th Altibox Norway Chess Armageddon 2019"]
[Site "Stavanger"]
[Date "2019.06.05"]
[Round "2"]
[White "Grischuk, Alexander"]
[Black "So, Wesley"]
[Result "1/2-1/2"]
[WhiteElo "2775"]
[BlackElo "2754"]
[Annotator "TA"]
[PlyCount "110"]
[EventDate "2019.06.04"]
[EventType "tourn"]
[EventCountry "NOR"]

{[%evp 12,110,-23,-25,-8,-9,-8,-1,-10,-4,-12,-28,-32,-25,-15,-25,0,-39,-29,-33,0,0,-7,-7,-7,-2,-8,-69,-69,-58,-39,-68,-61,-64,-47,-56,-37,-39,-50,-77,-4,-11,0,0,0,-59,-35,-58,-64,-178,-159,-819,-814,-1030,-1006,-951,-774,-791,-784,-733,-741,-740,-691,-792,-628,-1012,-985,-983,-868,-793,-778,-755,-481,-654,-487,-479,-349,-466,-420,-705,-676,-641,-564,-1060,-1056,-1056,-1045,-1029,-996,-5373,0,-853,0,-830,0,-1322,0,-826,0,-688,0]} 1. Nf3 Nf6 2. g3 d5 3. d3 c5 4. Bg2 Nc6 5. O-O e5 6. e4 d4 7. a4 Be7 {A08: King's Indian Attack} 8. Na3 Be6 (8... O-O 9. Nc4 Nd7 10. Nfd2 Nb6 11. f4 exf4 12. gxf4 f5 13. Ne5 Nxe5 14. fxe5 f4 15. a5 {1-0 (33) Ding,L (2791)-Karjakin,S (2782) Stavanger 2018}) 9. Ng5 Bg4 {The position is equal.} 10. f3 Bh5 11. h4 Nd7 12. Bd2 $146 ({Predecessor:} 12. Nh3 f6 13. Nf2 O-O 14. Bh3 Bf7 15. Bd2 {0-1 (29) Ost Hansen,J-Hansen,C (2505) Naestved 1985}) 12... O-O 13. Qe1 Re8 14. Nh3 f6 15. f4 b6 16. f5 a6 17. Bf3 Bxf3 18. Rxf3 {[#]} b5 $1 {[%mdl 512]} 19. b3 {[#]} ({Better is} 19. g4 $11) (19. axb5 axb5) 19... c4 $1 $36 {[%mdl 2560] Black has some pressure.} 20. bxc4 Bxa3 (20... b4 {looks sharper.} 21. Nb1 Qb6 22. Ra2 Nc5 23. g4 Reb8) 21. Rxa3 bxc4 22. dxc4 Rb8 23. Nf2 Qe7 {[%mdl 1024] Black has compensation.} 24. Ra1 Qf7 25. g4 Rb2 (25... Qxc4 $17 26. Qd1 Rb2) 26. Qc1 $11 Reb8 27. Nd3 R2b7 28. c5 (28. g5 $11) 28... Qc4 $15 29. g5 Nxc5 30. Qe1 (30. Nxc5 $15 Qxc5 31. Rf2) 30... Qxc2 $19 31. Nxc5 $2 {[#]} (31. Rc1 $17 Nxd3 32. Rxc2 Nxe1 33. Bxe1) 31... Rb1 $1 (31... Qxc5 32. gxf6 d3+ 33. Qe3 $17) 32. Nd3 Rxe1+ 33. Bxe1 Rb1 34. Rxb1 Qxb1 35. Kf1 a5 36. Rg3 Kh8 37. gxf6 gxf6 38. Nc5 Qc2 39. Nd7 Qc4+ ({Not} 39... Qxe4 $2 {[#]} 40. Rg8+ $1 {[%mdl 512]} Kxg8 41. Nxf6+ Kf7 42. Nxe4 $18) 40. Kg1 Qf7 41. Nb6 d3 42. Rxd3 Qh5 {Threatens to win with ...Qe2.} 43. Nd5 {If only White now had time for Bf2....} Kg7 44. Rc3 Qd1 45. Kf2 (45. Rxc6 $142 Qxe1+ {[%mdl 64] Double Attack} 46. Kh2 Qxh4+ 47. Kg1) 45... Nd4 46. Rc7+ Kf8 {Strongly threatening ...Qe2+.} 47. Nc3 Qf3+ 48. Kg1 Qg4+ 49. Kf1 Qh3+ 50. Kf2 Qf3+ (50... Qxh4+ $142 51. Kf1 Qh1+ 52. Kf2 Nc2 53. Rc8+ Kf7) 51. Kg1 Qg4+ 52. Kf1 Qh3+ (52... Ke8 $142 53. Bf2 Qh3+ 54. Ke1 Qd3 55. Bxd4 exd4) 53. Kf2 $1 Qf3+ 54. Kg1 Qg4+ 55. Kf1 Qh3+ $2 {Accuracy: White = 44%, Black = 62%.} (55... Ke8 $19 56. Bf2 Qh3+ 57. Ke1 Qd3 58. Bxd4 exd4) 1/2-1/2

[Event "7th Altibox Norway Chess Armageddon 2019"]
[Site "Stavanger"]
[Date "2019.06.05"]
[Round "2"]
[White "Yu, Yangyi"]
[Black "Ding, Liren"]
[Result "1-0"]
[WhiteElo "2738"]
[BlackElo "2805"]
[Annotator "TA"]
[PlyCount "87"]
[EventDate "2019.06.04"]
[EventType "tourn"]
[EventCountry "NOR"]

{[%evp 13,111,0,0,0,0,0,0,0,0,0,22,-91,-55,-40,-34,-40,-25,-27,0,0,21,32,25,36,18,8,10,0,0,0,0,-23,55,50,73,64,59,42,30,35,43,41,31,35,157,146,1146,1135,963,1027,1147,1063,985,846,1347,1188,1581,1517,1459,1344,5097,6207,29971,29972,29972,29973,29973,29974,29974,29975,29980,29981,29981,29982,29985,29985,29985,29985,29985,29984,29984,29985,29985,29986,29986,29987,29987,29988,29989,29990,29990,29991,29991,29992,29992,29993,29993,29993,29993,29994]} 1. d4 Nf6 2. c4 e6 3. Nc3 Bb4 4. Qc2 O-O 5. e4 d5 6. e5 Ne4 7. Bd3 c5 $1 {[%cal Rc5d4]} 8. Nf3 {E32: Nimzo-Indian: Classical (4 Qc2): 4...0-0} cxd4 9. Nxd4 Nd7 10. Bf4 {The position is equal.} Qh4 11. g3 Qh5 12. f3 (12. O-O $11) (12. h4 Nxe5 13. Be2 Ng4 14. Bxg4 Qxg4 15. f3 Qh5 {1-0 (36) Vallejo Pons,F (2707)-So,W (2780) Leon 2018}) 12... Bxc3+ $146 ({Predecessor:} 12... Bc5 13. Nce2 Bb4+ {1-0 (44) Monell Camarasa,D (2259)-Trepat Herranz,J (2281) Lleida 2012}) 13. bxc3 Nec5 14. g4 Nxd3+ 15. Qxd3 Qg6 ({Of course not} 15... Nxe5 $6 16. Qe2 $16) 16. Qxg6 hxg6 (16... fxg6 {is interesting.} 17. Nxe6 Nxe5 18. Nxf8 Nd3+ 19. Kd2 Nxf4 20. Nxh7 Kxh7 21. Ke3 g5) 17. cxd5 exd5 18. Kf2 $36 {[%mdl 2048] White is more active.} Nc5 19. Rhd1 Bd7 20. Kg3 Rfc8 21. Rab1 b6 22. Ne2 Ne6 ({Black should try} 22... Na4 $11) 23. Rxd5 $14 Bc6 24. Rd6 Bb7 25. Be3 Ba6 26. Nd4 Rxc3 27. Nxe6 fxe6 28. Rb3 Rac8 ({Better is} 28... Rcc8 $14) 29. Rxe6 $16 Bc4 $2 {[%mdl 8192]} (29... Kf7 $16 30. Rd6 Rxb3 31. axb3 Rc7) 30. Rxc3 $18 Bxe6 31. Rxc8+ Bxc8 {[%mdl 4096] Endgame KB-KB} 32. Kh4 Kf7 33. Kg5 Bb7 34. f4 Be4 35. f5 gxf5 36. gxf5 b5 37. Bxa7 b4 38. Bc5 {White mates.} Bd5 39. Bxb4 Bxa2 40. h4 Bd5 41. h5 Bc6 42. e6+ Kg8 43. Bc3 Be8 {[#]} 44. h6 {Played: Bc3xg7} 1-0

[Event "7th Altibox Norway Chess Armageddon 2019"]
[Site "Stavanger"]
[Date "2019.06.06"]
[Round "3.5"]
[White "Vachier-Lagrave, Maxime"]
[Black "Anand, Viswanathan"]
[Result "1/2-1/2"]
[WhiteElo "2779"]
[BlackElo "2767"]
[Annotator "TA"]
[PlyCount "80"]
[EventDate "2019.06.04"]
[EventType "tourn"]
[EventCountry "NOR"]
[SourceTitle "playchess.com"]
[Source "ChessBase"]
[SourceQuality "1"]

{[%evp 14,80,29,12,53,18,33,19,20,-19,-13,-17,7,-10,-11,-14,-12,-7,-1,-39,-25,-66,-42,-50,-66,-56,-52,-51,-64,-88,-88,-131,-130,-172,-108,-111,-112,-106,-99,-102,-102,-102,-105,-96,-109,-113,-104,-118,-63,-105,-94,-94,-26,-20,-40,-84,-84,-72,-67,-135,-84,-140,-84,-92,-84,-84,-84,-84,-84]} 1. e4 e5 2. Nf3 Nc6 3. Bb5 a6 4. Ba4 Nf6 5. O-O Bc5 6. c3 b5 7. Bb3 d6 8. a4 {Threatens to win with axb5.} Bb7 {C78: Ruy Lopez: Archangelsk and Möller Defences} (8... Rb8 9. d4 Bb6 10. a5 Ba7 11. h3 O-O 12. Be3 Ra8 13. Nbd2 h6 14. Re1 Re8 15. Qb1 exd4 16. cxd4 Nb4 17. Ra3 c5 18. dxc5 dxc5 19. Bxf7+ Kxf7 {0-1 (33) Lagarde,M (2612)-Jones,G (2698) Reykjavik 2019}) 9. d3 h6 10. Re1 O-O {The position is equal.} 11. axb5 $146 ({Predecessor:} 11. Nbd2 Re8 12. Nf1 Ne7 13. Nh4 Qd7 14. Be3 Bxe3 {0-1 (14) Roux,P (2474)-Bowyer,K (2416) ICCF email 2004}) 11... axb5 12. Rxa8 Bxa8 13. Nh4 Na5 14. Nf5 {And now Ba2 would win.} Nxb3 15. Qxb3 Bc6 16. Na3 Bd7 {Strongly threatening ...Bxf5.} 17. Ne3 Qb8 18. Qd1 b4 $36 {[%mdl 2048] Black has the initiative.} 19. Nac4 bxc3 20. bxc3 Qa7 21. Qf3 Rb8 22. Bd2 Qa2 23. h3 Rb1 (23... Bxe3 $1 $19 24. Bxe3 Rb1) 24. Rxb1 $17 Qxb1+ {[%mdl 64] Double Attack} 25. Nf1 Bb5 26. Bxh6 Bxc4 ({Much weaker is} 26... gxh6 $6 27. Qxf6 Qe1 28. Qd8+ Kg7 29. Qh4 $11) 27. dxc4 Qxe4 ({Of course not} 27... Nxe4 $6 28. Qg4 $1 $11 {[%mdl 512]}) 28. Bg5 Qxf3 ({Don't play} 28... Qxc4 $6 29. Bxf6 gxf6 30. Ng3 $11) 29. gxf3 {[%mdl 4096] Endgame KBN-KBN} Nd7 30. Bd8 Nb6 (30... c6 $17 31. Nd2 f6) 31. Nd2 Na8 32. Nb3 f6 ({Black should play} 32... Bb6 $17 33. Bg5 f6) 33. Nxc5 $11 dxc5 {KB-KN} 34. Be7 Nb6 35. Bxc5 Nxc4 36. Kf1 {[#]} (36. Kg2 $15) 36... Kf7 (36... g5 $142 $1) 37. Ke2 {[#]} ({White should try} 37. h4) 37... Ke6 (37... g5 $142 $1) 38. h4 $17 {Black is better.} g6 39. Kd3 Kd5 40. Be7 f5 {Accuracy: White = 31%, Black = 62%.} 1/2-1/2